Population ecology of Goniosoma spelaeum, a cavernicolous harvestman from south-easter Brazil (<Arachnida: Opiliones: Gonyleptidae>) (Registro nro. 10010)

Detalles MARC
000 -CABECERA
Campo de control 006410000a22001810004500
090 ## - CLASIFICACIÓN LOCAL
Colección AR
Consecutivo 00922
041 0# - IDIOMA
Código de idioma para texto/pista de sonido o título separado
100 1# - ASIENTO PRINCIPAL--NOMBRE PERSONAL
Nombre personal Gnaspini, Pedro
245 10 - MENCION DE TITULO
Título Population ecology of Goniosoma spelaeum, a cavernicolous harvestman from south-easter Brazil (<Arachnida: Opiliones: Gonyleptidae>)
650 14 - ASIENTO SECUNDARIO DE MATERIA - TERMINO TEMATICO
Término temático o nombre geográfico como elemento de entrada Insectos
650 14 - ASIENTO SECUNDARIO DE MATERIA - TERMINO TEMATICO
Término temático o nombre geográfico como elemento de entrada Opiliones
650 14 - ASIENTO SECUNDARIO DE MATERIA - TERMINO TEMATICO
Término temático o nombre geográfico como elemento de entrada Cavernas
650 14 - ASIENTO SECUNDARIO DE MATERIA - TERMINO TEMATICO
Término temático o nombre geográfico como elemento de entrada Ecología de poblaciones
651 #4 - ASIENTO SECUNDARIO DE MATERIA - NOMBRE GEOGRAFICO
-- Brasil
653 ## - TERMINO DE INDIZACION - NO CONTROLADO
-- Gonyleptidae
-- Goniosoma
-- Goniosoma spelaeum
-- Opiliones
773 1# - Item fuente:
Título Journal Zoological Society of London
Especificación de materiales 175
Paginas del Articulo 417-435
Lugar, editorial y fecha de publicación 1996
Información sobre la relación 239
942 ## - ELEMENTOS ADICIONALES (KOHA)
Tipo de ítem Artículo
Existencias
Withdrawn status Lost status Damaged status No para préstamo Colección Ubicación Permanente Ubicación actual Fecha de adquisición Fuente de Valor Datos de publicación Seriada Total Checkouts Número topográfico Inventario / Código de Barras Date last seen Ejemplar Price effective from Forma de adquisición Tipo de material
      No para Préstamo Hemeroteca Bogotá Bogotá 27/02/2015 Instituto de Ciencias Naturales Fuera de circulación   AR 00922 011217 25/03/2015 1 25/03/2015   Artículo